Parishes of the Isle of Man - Statistics

General Stats
  • This quiz has been taken 89 times
  • The average score is 13 of 24
Answer Stats
Hint Answer % Correct
. Douglas
97%
. Peel
79%
. Ramsey
79%
. Castletown
76%
. Port Erin
74%
. Onchan
68%
. Port Saint Mary
68%
. Andreas
63%
. Laxey
63%
. Bride
50%
. Maughold
50%
. Ballaugh
45%
. Patrick
45%
. Rushen
45%
. Jurby
42%
. Santon
42%
. Braddan
39%
. German
39%
. Marown
39%
. Michael
39%
. Lonan
34%
. Malew
34%
. Lezayre
29%
. Arbory
26%
No matching quizzes found
Score Distribution
Percent of People with Each Score
Percentile by Number Answered
Your Score History
You have not taken this quiz